Responses for Show #8443 - Wednesday, July 14, 2021

Champion's winnings & consolation amounts matched to Share Our Strength's No Kid Hungry campaign.

Contestants

[<< previous game]

Angela Gelineau, a project manager consultant from Franklin, Massachusetts

Tyler Vandenberg, a Marine officer from Washington, D.C.

Tim Moon, an attorney originally from Syracuse, New York (whose 2-day cash winnings total $72,601)

[next game >>]

Jeopardy! Round responses

ODD HISTORY
COOKBOOKS
TV SHOWS BY SIBLINGS
WHILE "E"
COYOTE
SUPER GENIUS
    $200 16
a mutiny

Tyler
    $200 1
(Tyler: What is Christmas?)

Thanksgiving

TimTyler
    $200 6
Friends

Tim
    $200 21
an epitaph

Tim
    $200 23
a roadrunner

Angela
    $200 11
a microwave

Tim
    $1,200 17
Australia

Tyler
    $400 2
Your Gut

Tyler
    $400 7
Stranger Things

Tim
    $400 22
an éclair

Tyler
    $400 24
a wolf

Tyler
    $400 12
MacArthur

Angela
    $600 18
Paul Bunyan

Angela
    $600 3
Julia Child

Tim
    $600 8
Supernatural

Angela
    $600 26
emancipation

Angela
    $600 25
walking on tiptoes

Tim
    $600 13
a Pet Rock

Angela
    $800 19
Jupiter

Tyler
    $800 4
(Angela: What is trifle?)

cake

TylerAngela
    $800 9
Sister, Sister

Angela
    $800 27
the English horn

Tim
    $800 29
(Tyler: What is wail?)
(Angela: What is bay?)

howl

TylerAngela
Triple Stumper
    $800 14
Flowers for Algernon

Tim
    $1000 20
bushido

Tyler
    $1000 5
The Joy of Cooking

Tim
    $1000 10
Supergirl

Tim
    $1000 28
epistemology

Tyler
    $1000 30
deer

Angela
    $1000 15
(John) Nash

Angela

Scores at the first commercial break (after clue 15):

Tim Tyler Angela
$4,400 $1,000 $2,600

Scores at the end of the Jeopardy! Round:

Tim Tyler Angela
$6,000 $5,200 $4,200

Double Jeopardy! Round responses

CANADIAN PROVINCES & TERRITORIES
FEMALE LITERARY PROTAGONISTS
MUSIC, IN THE CLASSICAL SENSE
EPONYMOUS LEGISLATION
MR., MISS OR MRS. MOVIES
DOUBLE DOUBLE RHYMERS
    $400 6
hockey

Tyler
    $400 17
the 1001 Arabian Nights

Tyler
    $400 30
Brandenburg

Tyler
    $400 11
guns

Tyler
    $400 1
Dr. Jekyll and Mr. Hyde

Tyler
    $400 23
muumuu & tutu

Angela
    $800 7
Nova Scotia

Tyler
    $800 18
(Tyler: [Speaking with an Anthony Hopkins imitation] Who is [*]?)

Clarice

Tyler
    $800 16
Bolero

Angela
    $800 12
Title IX

Tim
    $800 3
Mrs. Doubtfire

Tyler
    $800 24
pom-pom & rom-com

Angela
    $1200 2
British Columbia

Tim
    $2,000 19
(Tyler: Who is Portia?)

Cleopatra

Tyler
    $1200 13
Liszt

Tyler
    $1200 20
the statute of limitations

Triple Stumper
    $1200 8
Miss Congeniality

Tyler
    $1200 25
backtrack & Jack Black

Tim
    $6,400 4
the Yukon

Tyler
    $1600 28
Tess (of the d'Urbervilles)

Angela
    $1600 14
Pachelbel

Tim
    $1600 21
(Angela: Who is Jackie Cooper?)
...
(George: He made $22,000 a week at age 9.)

Jackie Coogan

Angela
Triple Stumper
    $1600 9
Mr. & Mrs. Smith

Tyler
    $1600 26
a stun gun & a fun run

Angela
    $2000 5
Nunavut

Tyler
    $2000 29
Phaedra

Triple Stumper
    $2000 15
Grieg

Tim
    $2000 22
Volstead

Tyler
    $2000 10
Mrs. Miniver

Triple Stumper
    $2000 27
Fleet Street & cheat sheet

Angela

Scores at the end of the Double Jeopardy! Round:

Tim Tyler Angela
$12,800 $22,000 $9,800

[wagering suggestions for these scores]

Final Jeopardy! Round responses

ANIMATION
(George: [To Angela] The trio had appeared in a comic strip prior to being in the film "Donald's Nephews".)
AngelaWho are huey, dewy, and louie?
$9,000
TimWho are L?
$12,797
TylerWho are Huey, Dewey, and Louie
$8,000
Huey, Dewey & Louie

Final scores:

Tim Tyler Angela
$3 $30,000 $18,800
3rd place: $1,000 New champion: $30,000 2nd place: $2,000

Game dynamics:

Coryat scores:

Tim Tyler Angela
$12,800 $18,400 $9,800
16 R,
0 W
23 R
(including 2 DDs),
3 W
(including 1 DD)
15 R,
3 W

Combined Coryat: $41,000

[game clues] [game scores] [suggest correction]

Game tape date: 2021-04-21
The J! Archive is created by fans, for fans. Scraping, republication, monetization, and malicious use prohibited; this site may use cookies and collect identifying information. See terms. The Jeopardy! game show and all elements thereof, including but not limited to copyright and trademark thereto, are the property of Jeopardy Productions, Inc. and are protected under law. This website is not affiliated with, sponsored by, or operated by Jeopardy Productions, Inc. Join the discussion at JBoard.tv.